000 00898nam a22001695i 4500
001 163893
003 ES-MaACL
005 20230906212830.0
008 010221s1856 sp af |||| | spa d
040 _aCAM
_bspa
_cCAM
100 1 _aRoman, Alejandro.
_9132020
245 1 0 _aSecretos, intrigas y misterios de los conventos
_b: historia-novela puramente española cuasi contemporánea, en la que se detallan con los más fieles colores los misterios y secretos del claustro, las intrigas del jesuitismo, las conjuraciones monacales ... : obra escrita en presencia de documentos secretos, revelaciones importantes y testimonios irrecusables /
_cpor Alejandro Román.
260 _aBarcelona :
_b[s.n.],
_c1856 (
_fImprenta del Siglo \RXIX\R)
300 _a574 p., [18] h. de lám. ;
_c25 cm.
599 1 _aLas h. de lám. lit. alegóricas.
852 _aES-MaACL
_jC-2617
_z-- Enc. ed. en tela grab.
999 _c163893
_d163893